| 000 | 00557nam a2200169 a 4500 | ||
|---|---|---|---|
| 001 | 000041443 | ||
| 005 | 20201002034908.0 | ||
| 008 | 131004s1984 sp a 000 0 spa d | ||
| 040 |
_aDO-SdBNP _bspa _cBNPHU |
||
| 082 |
_axxx _bxxxx |
||
| 100 | 1 |
_aMartínez, José Luis _934390 |
|
| 245 | 1 | 0 |
_aOrigen y desarrollo del libro en hispanoamerica. / _cJosé Luis Martínez. |
| 260 |
_aMadrid, España : _bFundación Germán Sánchez Ruipérez, _c1984. |
||
| 300 |
_a99 p. : _bil. ; _c21 cm. |
||
| 490 | 1 | _aBiblioteca del libro | |
| 830 | 0 |
_aBiblioteca del libro _97397 |
|
| 999 |
_c40933 _d40933 |
||